| 000 | 00666nam a2200133Ia 4500 | ||
|---|---|---|---|
| 008 | 171212s9999 xx 000 0 und d | ||
| 020 | _a9780874216936 | ||
| 100 | _aPetersen, Jesse G. | ||
| 245 |
_cPetersen, Jesse G. _aRoute for the Overland Stage _bJames H. Simpson's 1859 Trail Across the Great Basin |
||
| 260 |
_bUniversity Press of Colorado _c2008 |
||
| 650 | _aHistory | ||
| 650 | _aSimpson, J. H. (James Hervey), 1813-1883 -- Travel -- Great Basin; Great Basin -- Discovery and exploration; Great Basin -- Surveys; Great Basin -- Geography; Scientific expeditions -- Great Basin -- History -- 19th century | ||
| 856 | _uwww.jstor.org/stable/10.2307/j.ctt4cgqjd | ||
| 999 |
_c353168 _d353168 |
||